000 00792nam a2200205 i 4500
001 188957
003 ES-MaACL
005 20230906223336.0
007 t|
008 190305s1958 sp ||||1| spa d
245 0 0 _aViajes por América del Sur
_b: edición, con estudio y notas, de los textos de D'Orbigny, Wiener y La Condamine... /
_c[introducción por Manuel Ballesteros Gaibrois].
260 _aMadrid :
_bAguilar,
_c1958.
300 _a2 v., 3 map. : il. ;
_c25 cm.
490 1 _aBibliotheca indiana. Viajes y viajeros ;
_v3-4
651 4 _aAmérica del Sur-
_xDescripción.
_97712
700 1 _aBallesteros Gaibrois, Manuel,
_d1911-2002
_925056
830 0 _aBibliotheca indiana. Viajes y viajeros ;
_v3-4
_9193237
852 _aES-MaACL-482-3-4
999 _c188957
_d188957